| 000 | 00727nam a2200241 i 4500 | ||
|---|---|---|---|
| 001 | bg | ||
| 100 | 1 | _aKittel, Charles. | |
| 245 | 1 | 0 |
_aWstęp do fizyki ciała stałego / _cC.Kittel. |
| 246 |
_iTyt. oryg.: _aIntroduction to solid state physics |
||
| 250 | _aWyd.4. | ||
| 260 |
_aWarszawa : _bPaństwowe Wydaw. Naukowe, _c1976. |
||
| 300 |
_a643 s. : _bfot., rys., wykr. ; _c24 cm. |
||
| 500 | _aOryg. : "Introduction to solid state physics" 1966. | ||
| 504 | _aBibliogr. przy rozdz. - Indeks. | ||
| 650 | 9 |
_aCiało stałe _xfizyka |
|
| 655 | _aPodręczniki akademickie | ||
| 040 | _cBPK | ||
| 041 | 1 |
_apol _heng |
|
| 080 | _a538.9 | ||
| 080 | _a(075.8) | ||
| 942 | _cKS | ||
| 008 | s pl f |000 0 pol | ||
| 999 |
_c24332 _d24332 |
||
| 856 |
_uhttp://koha.tu.koszalin.pl/cgi-bin/koha/opac-detail.pl?biblionumber=24332 _yKatalog online BPK |
||